Statistiken für EU-Staaten auf einer Karte

Klicken Sie hier um das Quiz zu spielen!

Allgemein

  • Dieses Quiz wurde 184 mal gespielt
  • Das Durchschnittsergebnis liegt bei 23 aus 27

Antworten auf der Karte

Die Antworten werden auf der Karte rot bzw. grün angezeigt, abhängig davon wie oft sie richtig erraten wurden.
 

Antwortstatistiken

Antwort% Korrekt
Portugal
90%
Tschechien
90%
Deutschland
89%
Italien
89%
Niederlande
89%
Polen
89%
Finnland
88%
Griechenland
88%
Irland
88%
Kroatien
88%
Luxemburg
88%
Malta
88%
Belgien
87%
Frankreich
87%
Dänemark
86%
Lettland
85%
Österreich
85%
Spanien
85%
Zypern
85%
Rumänien
84%
Schweden
84%
Estland
83%
Litauen
83%
Bulgarien
80%
Slowenien
79%
Ungarn
77%
Slowakei
74%

Verteilung der Resultate

Perzentil nach korrekt beantworteten Fragen

Anzahl Personen mit jedem Resultat

Ihre Resultats-Entwicklung

Sie haben dieses Quiz noch nicht gespielt